Elégedettség és párkapcsolati tapasztalatok az élettel való elégedettség összefüggése a kapcsolati elégedettséggel és a páros megküzdéssel IBD-páciensek mintájában /

Elmentve itt :
Bibliográfiai részletek
Szerző: Póka-Tóth Barbara
További közreműködők: Sallay Viola (Témavezető)
Dokumentumtípus: Szakdolgozat
Megjelent: 2023
Tárgyszavak:
Online Access:http://diploma.bibl.u-szeged.hu/142298
LEADER 01097nta a2200205 i 4500
001 dipl142298
005 20250513085711.0
008 241219s2023 hu om 000 hun d
040 |a SZTE Diploma Repozitórium  |b hun 
041 |a hun 
100 2 |a Póka-Tóth Barbara 
245 1 0 |a Elégedettség és párkapcsolati tapasztalatok   |h [elektronikus dokumentum] :  |b az élettel való elégedettség összefüggése a kapcsolati elégedettséggel és a páros megküzdéssel IBD-páciensek mintájában /  |c Barbara Póka-Tóth 
246 1 0 |a Satisfaction and relationship experiences : the connection of life satisfaction with relationship satisfaction and dyadic coping in a sample of IBD patients  |h [elektronikus dokumentum] 
260 |c 2023 
650 4 |a Bölcsészettudományok 
650 4 |a Social sciences 
650 4 |a Psychology 
650 4 |a Psychology, special (including therapy for learning, speech, hearing, visual and other physical and mental disabilities) 
700 0 1 |a Sallay Viola  |e ths 
856 4 0 |u https://diploma.bibl.u-szeged.hu/id/eprint/142298/1/2023_poka_toth_barbara.pdf  |z Dokumentum-elérés